| 000 | 00340cam a22001217a 4500 | ||
|---|---|---|---|
| 008 | 180718b1930 xxu||||| |||| 00| 0 eng d | ||
| 082 | _aT17 R869 | ||
| 245 |
_aCrisis and the capitalist cycle : a symposium _cedited by A. Rumyanstev |
||
| 260 |
_aDelhi _bPeoples's _c1930 |
||
| 300 | _a114p. | ||
| 650 | _aCapitalist | ||
| 700 | _aRumyanstev, A. | ||
| 999 |
_c435239 _d435239 |
||